Under the patronage and by Command of their Majesties. Messiah, a sacred oratorio, performed in St. Margaret's Church, Westminster, on Thursday, May 31, 1792, for the Royal Society of Musicians, and their distressed families.

Bibliographic Details
Main Author: Jennens, Charles, 1700-1773
Format: eBook
Language:English
Published: [London], [publisher not identified] ; [1792]
Series:Eighteenth century collections online.
Online Access:Full text online

MARC

Tag First Indicator Second Indicator Subfields
LEADER 00000cam a2200000 4500
001 in00001939713
006 m | d |
007 cr |n||||||||n
008 790607s1792 enk|||| s 00||||eng d
005 20260403181035.5
035 |a (CStRLIN)ESTCT39298 
040 |a Uk-ES  |c Uk-ES  |d CStRLIN  |d Thomson Gale  |d UtOrBLW 
100 1 |a Jennens, Charles,  |d 1700-1773. 
245 1 0 |a Under the patronage and by Command of their Majesties. Messiah, a sacred oratorio, performed in St. Margaret's Church, Westminster, on Thursday, May 31, 1792, for the Royal Society of Musicians, and their distressed families. 
264 1 |a [London],  |b [publisher not identified] ;  |c [1792] 
300 |a 25, 1 unnumbered page ;  |c 4⁰. 
336 |a text  |b txt  |2 rdacontent 
337 |a computer  |b c  |2 rdamedia 
338 |a online resource  |b cr  |2 rdacarrier 
500 |a The libretto only; the words selected from the Bible by Charles Jennens. 
500 |a With a list of subscribers. 
500 |a Reproduction of original from the British Library. 
510 4 |a English Short Title Catalog,  |c ESTCT39298. 
533 |a Electronic reproduction.  |b Farmington Hills, Mich. :  |c Thomson Gale,  |d 2003.  |n Available via the World Wide Web.  |n Access limited by licensing agreements  |7 s2003 miunns 
500 |a Electronic resource. 
830 0 |a Eighteenth century collections online. 
856 4 0 |u http://proxy.library.tamu.edu/login?url=https://galenet.galegroup.com/servlet/ECCO?c=1&stp=Author&ste=11&af=BN&ae=T039298&tiPG=1&dd=0&dc=flc&docNum=CW112706476&vrsn=1.0&srchtp=a&d4=0.33&n=10&SU=0LRK&locID=txshracd2898  |z Full text online  |t 0 
999 |a MARS 
999 f f |s 597ef95b-e75c-391b-86f6-aa95154fc3cb  |i d9c0014d-ce9a-3461-a29b-7faa6beeebc2  |t 0 
952 f f |a Texas A&M University  |b College Station  |c Electronic Resources  |s www_evans  |d Available Online  |t 0  |h No information provided 
998 f f |t 0  |l Available Online